[Event "14th Master Open"]
[Site "Voronezh RUS"]
[Date "2010.06.19"]
[Round "7"]
[White "Airapetian,G"]
[Black "Yakovich,Yur"]
[Result "0-1"]
[WhiteElo "2429"]
[BlackElo "2576"]

1.d4 Nf6 2.c4 e6 3.Nf3 b6 4.g3 Ba6 5.b3 d5 6.Bg2 dxc4 7.Ne5 Bb4+ 8.Bd2 cxb3
9.axb3 Bxd2+ 10.Qxd2 Nd5 11.O-O O-O 12.Rc1 Bb7 13.Nc3 a5 14.Nxd5 exd5 15.Qc3 c6
16.b4 axb4 17.Qxb4 Rxa1 18.Rxa1 Ba6 19.Rc1 Bxe2 20.Nxc6 Nxc6 21.Rxc6 b5 22.h4 Bc4
23.Qc5 g6 24.Kh2 Qa5 25.Bxd5 Qa2 26.Bxc4 Qxf2+ 27.Kh3 bxc4 28.Qxc4 Re8 29.Qd5 Re2
30.h5 Kg7 31.Rc7 Qg2+ 32.Kg4 gxh5+ 33.Kf4 Qf2+ 34.Qf3 Qxd4+  0-1

[Event "Open"]
[Site "Eforie Nord ROU"]
[Date "2010.06.20"]
[Round "3"]
[White "Beinoras,M"]
[Black "Prodileanu,A"]
[Result "1-0"]
[WhiteElo "2386"]
[BlackElo "2170"]

1.d4 Nf6 2.c4 e6 3.Nf3 b6 4.g3 Ba6 5.Qc2 Bb4+ 6.Nbd2 Bb7 7.Bg2 Be4 8.Qd1 O-O
9.O-O Bxd2 10.Qxd2 d6 11.b3 Nbd7 12.Bb2 Re8 13.Rfd1 Qb8 14.Bh3 c6 15.Nh4 d5
16.f3 Bg6 17.Nxg6 hxg6 18.Rac1 b5 19.cxd5 cxd5 20.Bg2 Qb6 21.e4 a5 22.Kh1 Rec8
23.e5 Ne8 24.Qg5 b4 25.Qe7 Qd8 26.Rxc8 Rxc8 27.Qxd8 Rxd8 28.Rc1 Kf8 29.Bf1 Ke7
30.Rc6 Ra8 31.Bc1 Ra7 32.a3 Nb8 33.Rc5 Rc7 34.axb4 axb4 35.Bd2 Nc6 36.Bb5 Nxd4
37.Bxb4 Kd8 38.Ba5 Nxb3 39.Bxc7+ Nxc7 40.Rc3 Nxb5 41.Rxb3 Nd4 42.Rb8+ Ke7
43.Rb7+ Kf8 44.Kg2 g5 45.Rc7 g6 46.Kf2 Nf5 47.g4 Nd4 48.Ke3 Nb5 49.Rc8+ Kg7
50.Ra8 Nc3 51.Ra1 d4+ 52.Kxd4 Nd5 53.Ra7 Nf4 54.Rd7 Nh3 55.Ke3 Nf4 56.Rd4 Ng2+
57.Kf2 Nf4 58.Rxf4 gxf4 59.g5  1-0

[Event "Open"]
[Site "Eforie Nord ROU"]
[Date "2010.06.23"]
[Round "7"]
[White "Georgescu,T"]
[Black "Christea,I"]
[Result "1-0"]
[WhiteElo "2404"]
[BlackElo "2176"]

1.d4 Nf6 2.c4 e6 3.Nf3 b6 4.g3 Ba6 5.b3 Bb4+ 6.Bd2 Be7 7.Bg2 c6 8.O-O d5
9.Qc2 Nbd7 10.Rd1 Rc8 11.a4 O-O 12.a5 b5 13.c5 Ne4 14.Nc3 Nxc3 15.Qxc3 f5
16.b4 Bf6 17.Bf4 g5 18.Bd6 Re8 19.Ne5 Bxe5 20.dxe5 Nf8 21.e4 fxe4 22.Bxe4 Qd7
23.Bc2 Rcd8 24.Rd4 Qg7 25.Qe3 h6 26.Rg4 Ng6 27.Re1 Bc8 28.h4 Ne7 29.Bxe7 Rxe7
30.hxg5 Kf8 31.g6 Ke8 32.Rh4 d4 33.Qxh6  1-0

[Event "Open"]
[Site "Eforie Nord ROU"]
[Date "2010.06.27"]
[Round "11"]
[White "Gajewski,G"]
[Black "Filip,L"]
[Result "1/2-1/2"]
[WhiteElo "2572"]
[BlackElo "2469"]

1.d4 Nf6 2.c4 e6 3.Nf3 b6 4.g3 Ba6 5.Qc2 Bb7 6.Bg2 c5 7.d5 exd5 8.cxd5 Nxd5
9.O-O Be7 10.Qe4 Na6 11.Nh4 O-O 12.Nf5 Bf6 13.Qg4 Bc6 14.Rd1 Nac7 15.e4 Ne7
16.e5 Bxe5 17.Bg5 f6 18.Bxc6 Nxc6 19.Bh4 Ne6 20.Nxg7 Nxg7 21.Rxd7 Qxd7 22.Qxd7 Bxb2
23.Qxc6 Bxa1 24.Nd2 Rac8 25.Qd5+ Kh8 26.Ne4 Be5 27.f4 Rcd8 28.Qc6 Bd4+ 29.Kg2 Nf5
30.Qc7 Rde8 31.Qc6 Nxh4+ 32.gxh4 f5 33.Ng5 Re2+ 34.Kf1 Rfe8 35.Nf7+ Kg7 36.Ne5 R2xe5
37.fxe5 Rxe5 38.Qd7+ Kg6 39.Qxa7 Re6 40.Qd7 Rf6 41.h5+ Kxh5 42.Qxh7+ Kg4
43.h4 f4 44.a4 f3 45.Qe4+ Kh5 46.Qh7+ Kg4 47.Qe4+ Kg3 48.h5 f2 49.a5 bxa5
50.h6 Rxh6 51.Qf3+ Kxf3  1/2-1/2

[Event "ch-SWE"]
[Site "Lund SWE"]
[Date "2010.07.04"]
[Round "2"]
[White "Brynell,S"]
[Black "Berg,E"]
[Result "0-1"]
[WhiteElo "2495"]
[BlackElo "2612"]

1.d4 Nf6 2.c4 e6 3.Nf3 b6 4.g3 Ba6 5.b3 Bb4+ 6.Bd2 Be7 7.Bg2 d5 8.cxd5 exd5
9.O-O O-O 10.Nc3 Bb7 11.Rc1 Na6 12.Bf4 Qd7 13.Ne5 Qe6 14.Nd3 Ne4 15.b4 Bxb4
16.Nxb4 Nxb4 17.Qb3 Nxc3 18.Rxc3 Na6 19.Bxc7 Qxe2 20.Bxd5 Bxd5 21.Qxd5 Rac8
22.Rfc1 Nb4 23.Qc4 Qxc4 24.Rxc4 Nd5 25.a4 f6 26.Kf1 Rfe8 27.Bf4 Rxc4 28.Rxc4 Kf7
29.f3 Re3 30.Rc7+ Nxc7 31.Bxe3 Ke6 32.Ke2 Kd5 33.Kd3 b5 34.axb5 Nxb5  0-1

[Event "XII Open"]
[Site "Torredembarra ESP"]
[Date "2010.07.09"]
[Round "7"]
[White "Gomez Ledo,R"]
[Black "Guerra Mendez,J"]
[Result "1-0"]
[WhiteElo "2445"]
[BlackElo "2480"]

1.d4 Nf6 2.c4 e6 3.Nf3 b6 4.g3 Ba6 5.Qc2 c5 6.d5 exd5 7.cxd5 Bb7 8.Bg2 Nxd5
9.O-O Be7 10.Rd1 Nc6 11.Qa4 Nf6 12.Nh4 g6 13.Bh6 Bf8 14.Bxf8 Kxf8 15.Nc3 Kg7
16.Rd6 Re8 17.Rad1 Qe7 18.Qf4 Qe5 19.Rxf6 Qxf6 20.Qxf6+ Kxf6 21.Rxd7 Rab8
22.Rxb7 Rxb7 23.Bxc6 Rbe7 24.Bxe8 Rxe8 25.Kf1 Rb8 26.e4 b5 27.f4 a5 28.Ke2 a4
29.Nf3 h6 30.g4 Kg7 31.Ke3 a3 32.bxa3 b4 33.axb4 cxb4 34.Nd5 b3 35.axb3 Rxb3+
36.Kf2 Rb1 37.h4 Ra1 38.f5 f6 39.g5 hxg5 40.hxg5 fxg5 41.f6+  1-0

[Event "Aegean Open"]
[Site "Agios Kirykos GRE"]
[Date "2010.07.13"]
[Round "1"]
[White "Nikolopoulos,P"]
[Black "Kesoglou,K"]
[Result "0-1"]
[WhiteElo "1806"]
[BlackElo "2098"]

1.d4 Nf6 2.c4 e6 3.Nf3 b6 4.g3 Ba6 5.Qc2 Bb7 6.Bg2 c5 7.O-O Nc6 8.Rd1 Be7
9.Nc3 O-O 10.a3 cxd4 11.Nxd4 Nxd4 12.Rxd4 Bxg2 13.Kxg2 Qc7 14.b4 d5 15.Qd3 Rac8
16.Bf4 dxc4 17.Qc2 e5 18.Nb5 Qc6+  0-1

[Event "ZDMI Open"]
[Site "Dresden GER"]
[Date "2010.07.13"]
[Round "4"]
[White "Hansch,T"]
[Black "Iljin,A"]
[Result "0-1"]
[WhiteElo "2163"]
[BlackElo "2546"]

1.d4 Nf6 2.c4 e6 3.Nf3 b6 4.g3 Ba6 5.b3 Bb4+ 6.Bd2 Be7 7.Bg2 c6 8.O-O d5
9.Ne5 Nfd7 10.Nxd7 Qxd7 11.cxd5 cxd5 12.Bc3 Nc6 13.Nd2 O-O 14.Bb2 Rfc8 15.Rc1 Rc7
16.Nf3 Rac8 17.a3 Na5 18.Ne5 Qb5 19.Rxc7 Rxc7 20.b4 Nc4 21.Nxc4 Qxc4 22.Bf3 Qc2
23.Bc1 Rc3 24.Re1 Bf6 25.e3 Bc4 26.Kg2 h6 27.h4 Qa2 28.Bg4 Rc2 29.Qf3 Bd3
30.Qf4 e5  0-1

[Event "2nd Open"]
[Site "Rethymno GRE"]
[Date "2010.07.15"]
[Round "4"]
[White "Turov,M"]
[Black "Filip,L"]
[Result "1-0"]
[WhiteElo "2628"]
[BlackElo "2470"]

1.d4 Nf6 2.Nf3 e6 3.c4 b6 4.g3 Ba6 5.Qa4 Bb7 6.Bg2 c5 7.dxc5 Bxc5 8.O-O O-O
9.Nc3 Be7 10.Bf4 Na6 11.Rfd1 Nc5 12.Qc2 Qc8 13.Rd4 d5 14.Rc1 Nce4 15.Nxe4 dxe4
16.Ne5 g5 17.Be3 Qc7 18.f4 Bc5 19.Qc3 gxf4 20.gxf4 Bxd4 21.Bxd4 h6 22.f5 Kh7
23.Qg3 Rad8 24.e3 exf5 25.Ng6 Qxg3 26.Nxf8+ Rxf8 27.hxg3 Kg6 28.b4 Rc8 29.a4 Nh5
30.Kf2 Ng7 31.a5 bxa5 32.bxa5 a6 33.Bb6 Ne6 34.c5 Kf6 35.Bf1 Ke5 36.Rb1 Nxc5
37.Bxc5 Rxc5 38.Rxb7 Rxa5 39.Rxf7 Ra2+ 40.Kg1 Ra3 41.Kf2 Ra2+ 42.Be2 a5 43.Rh7 a4
44.Rxh6 a3 45.Ra6 Kd5 46.Ra5+ Kc6 47.Rxf5 Rb2 48.Ra5 a2 49.g4 Kd6 50.Ra4 Ke5
51.Ra6 Rc2 52.g5 Kf5 53.g6 a1=Q 54.Rxa1 Kxg6 55.Ra5 Kf6 56.Ke1 Rb2 57.Bg4  1-0

[Event "Int ch-SVK OpenA"]
[Site "Banska Stiavnica SVK"]
[Date "2010.07.16"]
[Round "7"]
[White "Yordanova,S"]
[Black "Kantorik,M"]
[Result "0-1"]
[WhiteElo "2156"]
[BlackElo "2379"]

1.Nf3 Nf6 2.d4 e6 3.c4 b6 4.g3 Ba6 5.b3 Bb4+ 6.Bd2 Be7 7.Bg2 Bb7 8.O-O O-O
9.Bc3 d6 10.Nbd2 Ne4 11.Bb2 Nd7 12.d5 exd5 13.Nd4 c5 14.Nxe4 dxe4 15.Nf5 Bf6
16.Bxf6 Nxf6 17.Qxd6 g6 18.Ne7+ Kg7 19.Rfd1 Re8 20.Nc6 Qc8 21.Ne5 Re6 22.Qd2 Rxe5
23.Qb2 Qc7 24.Rd2 e3 25.Bxb7 Rae8 26.f4 R5e6 27.f5 Re5 28.Rd5 Nxd5 29.Bxd5 f6
30.Rf1 Rxf5 31.Rxf5 gxf5 32.Qb1 Qe5 33.Qf1 Rd8 34.Qf3 Kg6 35.Kg2 h5 36.h4 Rd7
37.Kh2 Rg7 38.Bc6 Kh6 39.Kh3 f4 40.gxf4 Qf5+ 41.Kh2 Rg4 42.Qxe3 Qxf4+ 43.Qxf4+ Rxf4
44.Kg3 Rg4+ 45.Kh3 Rg1 46.e4 Ra1 47.a4 Rb1 48.Kg3 Rxb3+ 49.Kf4 Kg7 50.Be8 Rh3
51.Bxh5 Rxh4+ 52.Bg4 Kg6 53.Kg3 Kg5  0-1

[Event "ZDMI Open"]
[Site "Dresden GER"]
[Date "2010.07.16"]
[Round "7"]
[White "Hansch,T"]
[Black "Farago,I"]
[Result "1/2-1/2"]
[WhiteElo "2163"]
[BlackElo "2420"]

1.d4 Nf6 2.c4 e6 3.Nf3 b6 4.g3 Ba6 5.b3 d5 6.Bg2 dxc4 7.Ne5 Bb4+ 8.Kf1 Nfd7
9.Nxc4 c6 10.Bb2 O-O 11.Nbd2 b5 12.Ne3 Bb7 13.Ne4 a5 14.Qc2 Na6 15.Bf3 Be7
16.a3 f5 17.Nd2 Nf6 18.Kg2 Nd5 19.Nxd5 cxd5 20.e3 b4 21.a4 Rc8 22.Qd1 Bf6
23.Be2 Nc5 24.Rc1 Rf7 25.Rc2 Ne4 26.Nxe4 dxe4 27.Rxc8 Qxc8 28.Qd2 Bd5 29.Rc1 Rc7
30.Rxc7 Qxc7 31.Bd1 f4 32.gxf4 Qxf4 33.exf4 e3+ 34.Kf1 exd2 35.Ke2 Bh4 36.Kxd2 Bxf2
37.Ke2 Bg1 38.h3 Kf7 39.Kd3 Kf6 40.Bc1 g6 41.Be3 Bh2 42.Bc2 Kf5 43.Ke2+ Be4
44.Bxe4+ Kxe4 45.d5 Kxd5 46.Kf3 e5 47.fxe5 Bxe5 48.Bb6 Bd6 49.Kg4 Bc5 50.Bxa5 Kd4
51.Kg5 Kc3 52.Kh6 Kxb3 53.h4 Kxa4 54.Bxb4  1/2-1/2

[Event "2nd Open"]
[Site "Rethymno GRE"]
[Date "2010.07.16"]
[Round "5"]
[White "Postny,E"]
[Black "Parligras,M"]
[Result "1/2-1/2"]
[WhiteElo "2577"]
[BlackElo "2574"]

1.d4 Nf6 2.c4 e6 3.Nf3 b6 4.g3 Ba6 5.Qc2 Bb7 6.Bg2 c5 7.d5 exd5 8.cxd5 Nxd5
9.O-O Be7 10.Rd1 Qc8 11.a3 Nc7 12.Nc3 d5 13.Bf4 d4 14.Ne4 Ne6 15.Nxd4 Nxd4
16.Rxd4 cxd4 17.Qxc8+ Bxc8 18.Nd2 Ba6 19.Bxa8 Bxe2 20.Rc1 O-O 21.Rc7 Bf6
22.Ne4 Nd7 23.Rxd7 Rxa8 24.Nxf6+ gxf6 25.Rxd4 Kg7 26.Kg2 Rc8 27.Rd7 Rc2 28.b4 a6
29.Rd6 Rc3 30.Be3 Rxa3 31.Bd4 Rd3 32.Bxf6+ Kg6 33.Bd4+ Kh5 34.h3 f5 35.Kh2 Bd1
36.Rd7 h6 37.Rd6 a5 38.bxa5 bxa5 39.Be5 Rxd6 40.Bxd6  1/2-1/2

[Event "Open"]
[Site "Antakya TUR"]
[Date "2010.07.17"]
[Round "5"]
[White "Abbasov,F"]
[Black "Bagaturov,G"]
[Result "1/2-1/2"]
[WhiteElo "2549"]
[BlackElo "2447"]

1.d4 Nf6 2.c4 e6 3.Nf3 b6 4.g3 Ba6 5.Qc2 c5 6.d5 exd5 7.cxd5 d6 8.Bg2 g6
9.O-O Bg7 10.Re1 O-O 11.Nc3 b5 12.a3 Nbd7 13.h3 Nb6 14.e4 Nfd7 15.Bf4 Nc4
16.Bf1 Nde5 17.Bxe5 Nxe5 18.Nxe5 Bxe5 19.a4 b4 20.Bxa6  1/2-1/2

[Event "Int ch-SVK OpenA"]
[Site "Banska Stiavnica SVK"]
[Date "2010.07.17"]
[Round "8"]
[White "Koval,Ma"]
[Black "Palecek,P"]
[Result "1/2-1/2"]
[WhiteElo "2126"]
[BlackElo "2252"]

1.d4 Nf6 2.c4 e6 3.Nf3 b6 4.g3 Ba6 5.b3 Bb4+ 6.Bd2 Be7 7.Bg2 Bb7 8.O-O O-O
9.Nc3 d5 10.cxd5 Nxd5 11.Nxd5 Bxd5 12.Bc3 Nd7 13.Bb2 Qc8 14.Ne1 Bxg2 15.Nxg2 Nf6
16.Ne3 Qb7 17.Rc1 Rac8 18.Qd3 Rfd8 19.Qb1 Ne4 20.Rcd1 Bg5 21.f4 Be7 22.Nc4 c5
23.e3 b5 24.Nd2 Nf6 25.Nf3 c4 26.bxc4 bxc4 27.Bc3 Qd5 28.Qc2 Ne4 29.Nd2 Nxd2
30.Rxd2 a5 31.f5 Bb4 32.Rdf2 Bxc3 33.Qxc3 f6 34.fxe6 Qxe6 35.Rf5 Re8 36.Rxa5 Qxe3+
37.Qxe3 Rxe3 38.Rc1 c3 39.Rc5 Rd8 40.R5xc3  1/2-1/2

[Event "Corporation Centre Cup"]
[Site "Izhevsk RUS"]
[Date "2010.07.17"]
[Round "3"]
[White "Girya,O"]
[Black "Tunik,G"]
[Result "1/2-1/2"]
[WhiteElo "2376"]
[BlackElo "2469"]

1.d4 Nf6 2.Nf3 e6 3.c4 b6 4.g3 Ba6 5.Qa4 Bb7 6.Bg2 c5 7.dxc5 bxc5 8.Nc3 Be7
9.O-O O-O 10.Rd1 h6 11.Bf4 Qb6 12.Qb5 Bc6 13.Qxb6 axb6 14.Bd6 Bxd6 15.Rxd6 Ne8
16.Rd2 f6 17.Ne1 Bxg2 18.Kxg2 Kf7 19.Nc2 Ke7 20.Rad1 f5 21.Na3 Nf6 22.f3 Nc6
23.Nab5 Ne5 24.b3 g5 25.Rd6 Rfb8 26.Kf2 h5 27.h3 g4 28.h4 gxf3 29.exf3 Nf7
30.R6d2 Rg8 31.Re1 Rac8 32.Ne2 Rg7 33.Nbc3 Kf8 34.Nf4 Rc6 35.Red1 Ke7 36.Re1 Kf8
37.Red1 Ke7 38.Re1  1/2-1/2

[Event "Corporation Centre Cup"]
[Site "Izhevsk RUS"]
[Date "2010.07.18"]
[Round "4"]
[White "Frolyanov,D"]
[Black "Shukh,N"]
[Result "1-0"]
[WhiteElo "2587"]
[BlackElo "2459"]

1.d4 Nf6 2.c4 e6 3.Nf3 b6 4.g3 Ba6 5.b3 Bb4+ 6.Bd2 Be7 7.Bg2 c6 8.Bc3 d5
9.Ne5 Nfd7 10.Nxd7 Nxd7 11.Nd2 O-O 12.O-O Rc8 13.e4 c5 14.exd5 exd5 15.dxc5 dxc4
16.c6 cxb3 17.Re1 Bb5 18.axb3 Bxc6 19.Bxc6 Rxc6 20.Rxa7 Bf6 21.Nc4 Bxc3 22.Rxd7 Qf6
23.Re4 g6 24.Qd5 Rc5 25.Qb7 b5 26.Ne3 Qf3 27.Ree7 Qxb7 28.Rxb7 Bd4 29.b4 Rg5
30.h4 Rh5 31.Kg2 Bc3 32.Re4 Bd2 33.Kh3 Bxe3 34.fxe3 Rd5 35.Ree7 h5 36.Kg2 Rf5
37.e4 Rf6 38.e5 Rc6 39.Kh3 Re6 40.Rxe6 fxe6 41.Kg2 Rd8 42.Kf3 Rd3+ 43.Kf4 Rb3
44.Rxb5 Kg7 45.Rb8 Kh6 46.b5 Rb4+ 47.Ke3 Rb3+ 48.Kd4 Rxg3 49.b6 Rb3 50.Kc5 Rc3+
51.Kd6 Rb3 52.Kxe6 g5 53.hxg5+ Kxg5 54.b7 Kh4 55.Kf5 Rf3+ 56.Ke4 Rf7 57.e6 Rh7
58.Kf5  1-0

[Event "Corporation Centre Cup"]
[Site "Izhevsk RUS"]
[Date "2010.07.19"]
[Round "5"]
[White "Verdnikov,V"]
[Black "Nelyubin,G"]
[Result "1-0"]
[WhiteElo "2184"]
[BlackElo "2067"]

1.d4 Nf6 2.c4 e6 3.Nf3 b6 4.g3 Ba6 5.Qc2 Bb7 6.Bg2 c5 7.O-O cxd4 8.Nxd4 Bxg2
9.Kxg2 d6 10.Nc3 Nbd7 11.Bg5 Qc7 12.Bxf6 Nxf6 13.Qd3 Be7 14.e4 a6 15.Rac1 O-O
16.b3 Qb7 17.f4 Rfe8 18.Qf3 Nd7 19.Rcd1 Rad8 20.g4 Bf8 21.g5 Nc5 22.f5 d5
23.exd5 exd5 24.Nxd5 b5 25.f6 g6 26.Nc6 Rxd5 27.cxd5 Qd7 28.Rfe1 h5 29.Rxe8 Qxe8
30.d6 Kh7 31.Ne7 Qd7 32.h3 Qe6 33.Rd2 Qe5 34.Qd5  1-0

[Event "15th Open"]
[Site "Balaguer ESP"]
[Date "2010.07.24"]
[Round "6"]
[White "Gomez Ledo,R"]
[Black "Corrales Jimenez,F"]
[Result "1/2-1/2"]
[WhiteElo "2445"]
[BlackElo "2574"]

1.d4 Nf6 2.c4 e6 3.Nf3 b6 4.g3 Ba6 5.Qc2 Bb7 6.Bg2 c5 7.d5 exd5 8.cxd5 Nxd5
9.O-O Be7 10.Rd1 Qc8 11.a3 Nf6 12.Bg5 O-O 13.Nc3 h6 14.Bxf6 Bxf6 15.Nd5 Bxd5
16.Rxd5 Nc6 17.Rad1 Nd4 18.Nxd4 cxd4 19.Qxc8 Raxc8 20.Rxd7 Rc2  1/2-1/2

[Event "Open ch-BUL w"]
[Site "Vratsa BUL"]
[Date "2010.07.25"]
[Round "1"]
[White "Milutinovic,Stef"]
[Black "Videnova,I"]
[Result "1/2-1/2"]
[WhiteElo "1872"]
[BlackElo "2304"]

1.d4 Nf6 2.Nf3 e6 3.c4 b6 4.g3 Ba6 5.b3 Bb7 6.Bg2 Bb4+ 7.Bd2 a5 8.Nc3 O-O
9.O-O Re8 10.Qc2 Nc6 11.a3 Bf8 12.d5 exd5 13.cxd5 Na7 14.e4 c6 15.Bg5 h6
16.Bxf6 Qxf6 17.e5 Qd8 18.dxc6 Nxc6 19.Rfe1 Qb8 20.Qf5 Bc8 21.Qf4 Bb7 22.Nb5 Nd8
23.Nd6 Bxd6 24.exd6 Ne6 25.Qd2 Rc8 26.b4 Ra7 27.Rac1 Rxc1 28.Rxc1 Qa8 29.Ne1 Bxg2
30.Nxg2 axb4 31.axb4 Ng5 32.Qe3 Ra1 33.Rxa1 Qxa1+ 34.Ne1 Qxe1+ 35.Qxe1 Nf3+
36.Kf1 Nxe1 37.Kxe1 f5 38.Ke2 Kf7 39.Ke3 Ke6 40.h4 g5 41.hxg5 hxg5 42.f4 g4
43.Kd4 Kxd6 44.b5 Ke6 45.Kc4 d5+ 46.Kd3 Kd7 47.Kc3 Kc7 48.Kd3 Kd6 49.Kd4 Ke6
50.Kd3  1/2-1/2

[Event "TCh-MNE Premier League"]
[Site "Cetinje MNE"]
[Date "2010.07.26"]
[Round "3"]
[White "Blagojevic,Dr"]
[Black "Potpara,N"]
[Result "1-0"]
[WhiteElo "2499"]
[BlackElo "2035"]

1.d4 Nf6 2.c4 e6 3.Nf3 b6 4.g3 Ba6 5.b3 b5 6.cxb5 Bxb5 7.Bg2 Bc6 8.O-O Qc8
9.Nbd2 a5 10.a3 Qb7 11.Qc2 Bd5 12.Re1 Ne4 13.Ne5 f5 14.Nec4 Be7 15.Ne3 O-O
16.Nxd5 exd5 17.Nf1 Nc6 18.Rd1 Bf6 19.e3 Ra6 20.f3 Nd6 21.Rd3 Re8 22.Bd2 Rb6
23.Be1 a4 24.b4 Qa6 25.Rad1 Na7 26.Qxc7 Nab5 27.Qc5 Qb7 28.Qc2 Rc6 29.Qxa4 Ra8
30.Qb3 Rca6 31.Ra1 Rxa3 32.Rxa3 Rxa3 33.Qc2 Ra1 34.Rd1 Rxd1 35.Qxd1 Nc4 36.Qb3 Nbd6
37.Nd2 Nxd2 38.Bxd2 Nc4 39.Be1 Qb5 40.Qd3 g6 41.Bf1 Qb6 42.Kf2 Bg5 43.f4 Bd8
44.Qb3 Qe6 45.Bg2 h6 46.Ke2 Bb6 47.Bd2 Bd8 48.Qa4 Nb6 49.Qa7 Bf6 50.Kd3 Qc6
51.Qa6 Kg7 52.Bf3 Kf7 53.Bd1 Qc4+ 54.Qxc4 dxc4+ 55.Kc2 d5 56.b5 Ke6 57.Bb4 Bd8
58.g4 Nd7 59.h3 Bf6 60.Ba5 Kd6 61.Kd2 Nb8 62.gxf5 gxf5 63.Bc2 Ke6 64.Bc7 Nd7
65.b6 Be7 66.b7 Bd6 67.Bxf5+  1-0

[Event "Negroponte Open"]
[Site "Chalkis GRE"]
[Date "2010.08.09"]
[Round "1"]
[White "Rychagov,A"]
[Black "Papadopoulos,Geo3"]
[Result "1-0"]
[WhiteElo "2538"]
[BlackElo "1919"]

1.d4 Nf6 2.c4 e6 3.Nf3 b6 4.g3 Ba6 5.Qa4 c5 6.Bg2 Bb7 7.dxc5 Bxc5 8.O-O O-O
9.Nc3 Be7 10.Rd1 Na6 11.Bf4 Nc5 12.Qc2 Nce4 13.Nb5 a6 14.Nbd4 d6 15.Nd2 Nc5
16.Nc6 Qc7 17.Nxe7+ Qxe7 18.b4 e5 19.bxc5 Bxg2 20.Bg5 Bc6 21.cxb6 Rab8 22.Rab1 h6
23.Bxf6 Qxf6 24.Qd3 Qe6 25.Nf1 Rfd8 26.Ne3 Bb7 27.Rd2 Rbc8 28.a4 Rc5 29.Rbd1 Qe8
30.Qb3 Qc6 31.f3 Kh8 32.Rd5 Rxd5 33.cxd5 Qc5 34.Kf2 Rc8 35.Rd2 Qa5 36.Rc2 Rxc2
37.Nxc2 Qc5+ 38.Ne3 f5 39.Kg2 g6 40.h4 h5 41.Nf1 Kg7 42.e4 fxe4 43.fxe4 Qd4
44.Kf3 Qg1 45.Ne3 Qh1+ 46.Kf2 Qxe4 47.Qc4  1-0

[Event "5th FIDE GP w"]
[Site "Ulaanbaatar MGL"]
[Date "2010.08.10"]
[Round "10"]
[White "Koneru,H"]
[Black "Zhao Xue"]
[Result "0-1"]
[WhiteElo "2600"]
[BlackElo "2462"]

1.d4 Nf6 2.c4 e6 3.Nf3 b6 4.g3 Ba6 5.Qa4 Bb7 6.Bg2 c5 7.dxc5 Bxc5 8.O-O O-O
9.Nc3 Be7 10.Rd1 Na6 11.Bf4 Nc5 12.Qc2 Qc8 13.Rd4 d5 14.Rc1 Nce4 15.Nxe4 dxe4
16.Ne5 g5 17.Bxg5 Qc5 18.Bxf6 Bxf6 19.Rd7 Bc8 20.Ng4 Bg5 21.Rdd1 f5 22.b4 Qxb4
23.Rb1 Qc5 24.Rb5 Qc7 25.f4 exf3 26.Bxf3 Ba6 27.Re5 Rad8 28.Rxd8 Rxd8 29.Kg2 Bc8
30.h4 Be7 31.Re3 fxg4 32.Bxg4 Bc5 33.Bxe6+ Kg7 34.Re4 Bb7 35.Bd5 Rxd5 36.cxd5 Bxd5
37.Kh3 Bxe4 38.Qxe4 Qd7+ 39.g4  0-1

[Event "Negroponte Open"]
[Site "Chalkis GRE"]
[Date "2010.08.11"]
[Round "3"]
[White "Gupta,Ab"]
[Black "Stavrianakis,I"]
[Result "1-0"]
[WhiteElo "2587"]
[BlackElo "2249"]

1.d4 Nf6 2.c4 e6 3.Nf3 b6 4.g3 Ba6 5.Qc2 Bb7 6.Bg2 c5 7.d5 exd5 8.cxd5 d6
9.O-O Nbd7 10.Nc3 Be7 11.Nd2 O-O 12.a4 a6 13.Nc4 Qc7 14.Bf4 Nh5 15.Bd2 Rab8
16.g4 Nhf6 17.g5 Ne8 18.f4 Ba8 19.Ne3 g6 20.Ng4 f5 21.Nh6+ Kh8 22.Na2 Ng7
23.Nb4 Rbc8 24.Nc6 Bxc6 25.dxc6 Nb8 26.Qc4 Bd8 27.Bc3 b5 28.axb5 axb5 29.Qxb5  1-0

[Event "Negroponte Open"]
[Site "Chalkis GRE"]
[Date "2010.08.14"]
[Round "6"]
[White "Charkhalashvili,I"]
[Black "Romanishin,O"]
[Result "1/2-1/2"]
[WhiteElo "2346"]
[BlackElo "2544"]

1.d4 Nf6 2.c4 e6 3.Nf3 b6 4.g3 Ba6 5.b3 Bb7 6.Bg2 Bb4+ 7.Bd2 a5 8.O-O O-O
9.Nc3 d6 10.Qc2 Nbd7 11.a3 Bxc3 12.Bxc3 Be4 13.Qb2 Re8 14.Rfd1 c6 15.Bf1 h6
16.Nd2 Bh7 17.Bg2 d5 18.b4 Qc7 19.Rac1 axb4 20.Bxb4 Qb7  1/2-1/2

[Event "e2e4 Autumn Masters A"]
[Site "Uxbridge ENG"]
[Date "2010.08.15"]
[Round "8"]
[White "Sen,S"]
[Black "Norinkeviciute,R"]
[Result "1/2-1/2"]
[WhiteElo "2159"]
[BlackElo "2024"]

1.d4 Nf6 2.c4 e6 3.Nf3 b6 4.g3 Ba6 5.b3 Bb4+ 6.Bd2 Be7 7.Bg2 Bb7 8.Nc3 Ne4
9.Nxe4 Bxe4 10.O-O O-O 11.Bc3 d5 12.Ne5 Bxg2 13.Kxg2 f6 14.Nd3 c6 15.cxd5 cxd5
16.Nf4 Qd7 17.h4 Bd6  1/2-1/2

[Event "TCh-SRB 1st League"]
[Site "Vrnjacka Banja SRB"]
[Date "2010.08.23"]
[Round "3"]
[White "Barlov,D"]
[Black "Perunovic,Mio"]
[Result "0-1"]
[WhiteElo "2493"]
[BlackElo "2449"]

1.d4 Nf6 2.c4 e6 3.Nf3 b6 4.g3 Ba6 5.Qb3 Nc6 6.Bd2 Bb7 7.Bc3 Ne4 8.a3 Nxc3
9.Qxc3 Qf6 10.e4 d6 11.Bg2 e5 12.d5 Ne7 13.h4 h6 14.Qc2 Bc8 15.Nbd2 g6 16.Bh3 Bxh3
17.Rxh3 Bg7 18.h5 O-O 19.Qd3 c6  0-1

[Event "TCh-SRB 1st League"]
[Site "Vrnjacka Banja SRB"]
[Date "2010.08.23"]
[Round "3"]
[White "Rajkovic,Du"]
[Black "Carnic,S"]
[Result "0-1"]
[WhiteElo "2453"]
[BlackElo "2361"]

1.d4 Nf6 2.c4 e6 3.Nf3 b6 4.g3 Ba6 5.b3 Bb7 6.Bg2 Bb4+ 7.Bd2 c5 8.Bxb4 cxb4
9.O-O O-O 10.a3 Na6 11.Qd2 Qe7 12.Rd1 Rfe8 13.a4 d6 14.a5 e5 15.d5 Qc7 16.Qa2 Nc5
17.Nbd2 Nfe4 18.Nxe4 Nxe4 19.a6 Bc8 20.Qa4 Re7 21.Qxb4 Nc5 22.Qc3 Nxa6 23.b4 Bb7
24.Nd2 Qd8 25.e4 Rc7 26.Qb2 Nb8 27.c5 dxc5 28.bxc5 Rxc5 29.Qxe5 Nd7 30.Qd4 Qc7
31.Nb3 Rc4 32.Qb2 a5 33.Nd4 g6 34.Bf1 Rc5 35.Nb5 Qd8 36.Bh3 Nf6 37.Bg2 Rac8
38.Nd4 b5 39.Rd2 Qb6 40.Nb3 Rc3 41.Nxa5 b4 42.e5 Ng4 43.Nxb7 Nxf2 44.Kf1 Ng4  0-1

[Event "BDO Challengers"]
[Site "Haarlem NED"]
[Date "2010.08.24"]
[Round "4"]
[White "Gijswijt,B"]
[Black "Rej,T"]
[Result "1/2-1/2"]
[WhiteElo "2311"]
[BlackElo "2334"]

1.d4 Nf6 2.c4 e6 3.Nf3 b6 4.g3 Ba6 5.Nbd2 Bb4 6.Qc2 Bb7 7.Bg2 Be4 8.Qb3 Bxd2+
9.Bxd2 O-O 10.O-O d6 11.Rfd1 Nbd7 12.Rac1 h6 13.Qe3 Qe7 14.Bc3 Rfe8 15.b3 Rad8
16.Bb2 Ba8 17.Bh3 c5 18.dxc5 Nxc5 19.Nd4 d5 20.cxd5 Nxd5 21.Qe5 Nf6 22.Nb5 Qb7
23.f3 Rd5 24.Qc7 a6 25.Qxb7 Bxb7 26.Rxd5 Bxd5 27.Nc3 a5 28.Bf1 Bc6 29.e4 Rd8
30.Rd1 Rxd1 31.Nxd1 Nfd7 32.Kf2 f6 33.Ne3 b5 34.Nc2 e5 35.Bc1 b4 36.Be3 Kf7
37.Bd2 Ke7 38.Ne3 Nb6 39.Nf5+ Kf7 40.Be3 Ncd7 41.Ba6 Kf8 42.Ke2 h5 43.Kd3 g6
44.Nd6 Ke7 45.Nc4 Nxc4 46.Kxc4 Kd6 47.Bc8 Kc7 48.Bxd7 Bxd7 49.Kd5 g5 50.Bc5 g4
51.fxg4 hxg4 52.Be7 Bc6+ 53.Kc5 Bxe4 54.Bxf6 Bb1 55.Bxe5+ Kb7 56.Kb5 Bxa2
57.Kxa5  1/2-1/2

[Event "TCh-SRB 1st League"]
[Site "Vrnjacka Banja SRB"]
[Date "2010.08.27"]
[Round "7"]
[White "Benkovic,P"]
[Black "Lajthajm,B"]
[Result "1/2-1/2"]
[WhiteElo "2437"]
[BlackElo "2493"]

1.d4 Nf6 2.c4 e6 3.Nf3 b6 4.g3 Ba6 5.Qa4 Be7 6.Bg2 O-O 7.O-O c6 8.Nc3 d6
9.Re1 Qc7 10.e4 e5 11.h3 Bb7 12.Qc2 Nbd7 13.Bg5 Rfe8 14.Rad1 a6 15.a4 Nf8
16.d5 cxd5 17.cxd5 Rec8 18.Bf1 Qd8 19.Be3 N6d7 20.Qb1 Rc7 21.Rc1 h6 22.h4 Nh7
23.Bd3 Nhf6 24.Nd2 Bc8 25.f3 Rb7 26.Bf1 Nh5  1/2-1/2

[Event "25th Open"]
[Site "Schwarzach AUT"]
[Date "2010.08.29"]
[Round "9"]
[White "Eisenbeiser,A"]
[Black "Hoenick,A"]
[Result "1-0"]
[WhiteElo "2397"]
[BlackElo "2211"]

1.d4 Nf6 2.Nf3 e6 3.c4 b6 4.g3 Ba6 5.Qa4 Bb7 6.Bg2 c5 7.O-O cxd4 8.Nxd4 Bxg2
9.Kxg2 Be7 10.Nc3 O-O 11.e4 Qc8 12.Rd1 Rd8 13.f3 Na6 14.Bf4 Nc5 15.Qc2 d6
16.Rac1 Qb7 17.Ndb5 Ne8 18.b4 a6 19.bxc5 axb5 20.cxd6 Nxd6 21.Bxd6 Bxd6 22.Nxb5 Bc5
23.Rxd8+ Rxd8 24.Rd1 Ra8 25.Qb3 Qa6 26.a3 Qa5 27.e5 h6 28.Kh3 Rc8 29.Qd3 Bf8
30.Qd7 Rxc4 31.Qe8 Kh7 32.f4 Rc2 33.Nd4 Qd5 34.Qxf7 Qg2+ 35.Kg4 Rf2 36.Nxe6 Qf3+
37.Kf5 Qxd1 38.Nxf8+ Kh8 39.Ng6+ Kh7 40.Nf8+ Kh8 41.Qe8 Qd3+ 42.Ke6 Rd2 43.Ke7 Qf5
44.Nd7+ Kh7 45.Nf8+ Kh8 46.Nd7+ Kh7 47.e6 Qe4 48.h4 Re2 49.Qf7 Qb7 50.Qf5+ Kg8
51.Qf8+ Kh7 52.Kf7  1-0

[Event "25th Open"]
[Site "Schwarzach AUT"]
[Date "2010.08.29"]
[Round "9"]
[White "Panteleev,P"]
[Black "Smirnov,Arte"]
[Result "0-1"]
[WhiteElo "2329"]
[BlackElo "2446"]

1.d4 Nf6 2.c4 e6 3.Nf3 b6 4.g3 Ba6 5.b3 Bb4+ 6.Bd2 Be7 7.Bg2 d5 8.O-O O-O
9.Ne5 Bb7 10.Nc3 Na6 11.cxd5 exd5 12.Bg5 Re8 13.e3 c6 14.Rc1 h6 15.Bxf6 Bxf6
16.f4 Rc8 17.Qh5 Rc7 18.Rcd1 Nb4 19.Rd2 c5 20.dxc5 g6 21.Qxh6 Rxe5 22.fxe5 Bg5
23.Qh3 Bxe3+ 24.Rdf2 Nd3 25.Nd1 Nxf2 26.Nxf2 Ba6 27.Re1 Qg5 28.Bf1 Bxf2+
29.Kxf2 Qd2+ 30.Be2 d4 31.Kf1 d3 32.Bf3 Qc3 33.Rd1 Qxe5 34.c6 Qf6 35.Kg2 Rxc6
36.Re1 Rc2+ 37.Kg1 Kg7 38.Qh4 Qxf3  0-1